Sports brands - Statistics

General Stats
  • This quiz has been taken 762 times
  • The average score is 6 of 8
Answer Stats
Hint Answer % Correct
Swoosh Nike
98%
Named after a big cat. Soccer wear Puma
83%
Sponsors Notre Dame, Wisconsin, and Tennesee athletics. Adidas
73%
Makes jackets. The opposite of south. Wear your eyes are. North Face
71%
Named after Micheal Jordan Air Jordan
65%
Created in early 1990s with an u and an a Under Armour
65%
Creates baseball gloves, tennis gear, and golf supplies. Starts with a w Wilson
64%
Created Zig tech shoes. Reebok
44%
No matching quizzes found
Score Distribution
Percent of People with Each Score
Percentile by Number Answered
Your Score History
You have not taken this quiz